000 00304nam a2200121Ia 4500
008 190216s9999||||xx |||||||||||||| ||und||
100 _aVenkataraman. Mk
245 0 _aEngineering Mathematics;
260 _bThe National Publishing Company
_c1983
300 _a685p
650 _aMathematics
942 _cBK
999 _c30937
_d30937